000
00235 a2200097 4500
001
51364
100
_a
McBride, W V
245
_a
Nefsiaty Klinic (Hissa Awel)
260
_a
Lahore
_b
Aziz Publishers Urdu Bazar
_c
090
_c
32555
_d
32555
942
_a
NUST-CAE
_c
M
_c
25064
999
_c
286437
_d
286437